| 000 | 00899cab a22001935a 4500 | ||
|---|---|---|---|
| 001 | L154412 | ||
| 008 | 111128e20111019xxk 000 0 eng d | ||
| 035 | _a(Sirsi) u154412 | ||
| 041 | 0 | _aeng | |
| 100 | 1 | _aLawes, Graeme | |
| 245 | 0 | 2 | _aA gateway to CPO |
| 260 | _c2011 | ||
| 490 |
_aEstates Gazette _v(1146) 19 November 2011, 96-98(3) |
||
| 520 | _aArgues that Compulsory Purchase Orders (CPO) are useful facilitors for change and authorities should not be prevented from using them by the experience of Bromley by Bow. Here in March 2010 the London Thames Gateway Development Corporation applied for a CPO to regenerate 5.4ha of land on the edge of the Olympic Park; this project was rejected in August 2011. | ||
| 590 | _aKA | ||
| 651 | 4 |
_aEngland and Wales _y1543- |
|
| 690 | _aENVIRONMENTAL AND LAND CONSULTANCY-PLANNING AND DEVELOPMENT-COMPULSORY PURCHASE AND COMPENSATION | ||
| 942 | _n0 | ||
| 999 |
_c83606 _d83606 |
||